000 00539ntaaa2200193 4500
003 01
005 20251027202952.0
008 0714s1973 ag 01
040 _aAR-BaBN
_bspa
_cAR-BaBN
_eaacr
_dRIC
082 _a973.0900 G65
100 _aGordy, Wilbur F
_930581
245 _aA history of the United States for schools
250 _a1 ed.
260 _aNew York :
_bCharles Scribner's Sons,
_c1918
300 _alxi, 541 p
500 _aContiene muchas ilustraciones y mapas
650 _aEstados Unidos-historia
_922204
942 _cBK
999 _c25064
_d25064